[Event "Specialiste op"]
[Site "Montreal CAN"]
[Date "1982.01.30"]
[Round "3"]
[White "Balla, George"]
[Black "Rousseau, Daniel"]
[Result "1-0"]
[WhiteElo "1988"]
[BlackElo "1803"]
[PlyCount "49"]
[GameId "2160767912848867"]
[EventDate "1982.01.29"]
[EventType "swiss"]
[EventRounds "5"]
[EventCountry "CAN"]
[SourceTitle "hb 2011"]

1. e4 c5 2. Nf3 Nc6 3. d4 cxd4 4. Nxd4 Nf6 5. Nc3 d6 6. Be2 e5 7. Nb3 Be7 8. O-O O-O 9. Kh1 a5 10. a4 Be6 11. f4 Qb6 12. f5 Bxb3 13. cxb3 Nb4 14. Rf3 d5 15. exd5 Rfd8 16. Bc4 Qd6 17. Bg5 Nfxd5 18. Bxe7 Nxe7 19. Qe2 Nec6 20. Rh3 g6 21. fxg6 hxg6 22. Rf1 Rd7 23. Ne4 Nd4 24. Qg4 Qe7 25. Qxg6+ 1-0

[Event "Specialiste op"]
[Site "Montreal CAN"]
[Date "1982.01.31"]
[Round "4"]
[White "Rousseau, Daniel"]
[Black "Simard, Marcel"]
[Result "1-0"]
[WhiteElo "1803"]
[BlackElo "947"]
[PlyCount "49"]
[GameId "2160767912848869"]
[EventDate "1982.01.29"]
[EventType "swiss"]
[EventRounds "5"]
[EventCountry "CAN"]
[SourceTitle "hb 2011"]

1. e4 e5 2. Nf3 Nc6 3. Nc3 Nf6 4. Bc4 Be7 5. O-O O-O 6. d4 d6 7. h3 b6 8. Re1 Bb7 9. Bg5 h6 10. Bh4 a6 11. Qd2 Qd7 12. Rad1 Rad8 13. dxe5 dxe5 14. Qxd7 Rxd7 15. Bxf6 Bxf6 16. Rxd7 Bc8 17. Rxc7 Nd8 18. Rxc8 b5 19. Bb3 Kh7 20. Rd1 Re8 21. Nd5 Kg6 22. Nxf6 gxf6 23. Rdxd8 Re6 24. Rg8+ Kh5 25. g4# 1-0

[Event "Specialiste op"]
[Site "Montreal CAN"]
[Date "1982.01.31"]
[Round "5"]
[White "Rousseau, Daniel"]
[Black "Cantin, Luc"]
[Result "1-0"]
[WhiteElo "1803"]
[BlackElo "1240"]
[PlyCount "61"]
[GameId "2160767912848871"]
[EventDate "1982.01.29"]
[EventType "swiss"]
[EventRounds "5"]
[EventCountry "CAN"]
[SourceTitle "hb 2011"]

1. e4 e5 2. Nf3 a6 3. Bc4 d6 4. d4 Bg4 5. dxe5 Bxf3 6. Qxf3 Nh6 7. Bxh6 Qe7 8. exd6 cxd6 9. Be3 Nc6 10. Nc3 Ne5 11. Qe2 Qc7 12. Bb3 b5 13. Nd5 Qb7 14. a4 b4 15. a5 Nd7 16. Ba4 Kd8 17. Bxd7 Kxd7 18. Nb6+ Ke8 19. Nxa8 Qxa8 20. Qc4 Qb7 21. Ra4 Qb5 22. Qxb5+ axb5 23. Rxb4 d5 24. Rxb5 dxe4 25. Rb8+ Kd7 26. a6 g6 27. a7 Bg7 28. Rxh8 Bxh8 29. a8=Q Be5 30. Qd5+ Bd6 31. Bc5 1-0

[Event "Pere Noel"]
[Site "Montreal CAN"]
[Date "1981.12.26"]
[Round "1"]
[White "Rousseau, Daniel"]
[Black "Hawkes, Rob"]
[Result "0-1"]
[WhiteElo "1829"]
[BlackElo "2176"]
[PlyCount "114"]
[GameId "2160767912848953"]
[EventDate "1981.12.26"]
[EventType "swiss"]
[EventRounds "5"]
[EventCountry "CAN"]
[SourceTitle "hb 2011"]

1. d4 g6 2. c4 Bg7 3. Nc3 c6 4. e4 a6 5. a4 a5 6. Be3 d6 7. Nf3 Bg4 8. Be2 Nf6 9. O-O O-O 10. Qd2 Na6 11. Rad1 Nd7 12. Bh6 Bxh6 13. Qxh6 Bxf3 14. Bxf3 Qc7 15. h4 e5 16. d5 Nf6 17. g4 Qd7 18. h5 Kh8 19. Qg5 Qe7 20. hxg6 fxg6 21. Kg2 Rf7 22. Qh4 Nxd5 23. Qxe7 Nxe7 24. Rxd6 Raf8 25. Be2 Nc5 26. f3 Nc8 27. Rdd1 Nb6 28. Rd2 Nbxa4 29. Nxa4 Nxa4 30. Ra1 Nc5 31. Bd1 b6 32. Rd6 Rf6 33. Rxf6 Rxf6 34. Bc2 Ne6 35. Bd1 Kg7 36. Kg3 Rf7 37. Kf2 Rd7 38. Ke3 Rd4 39. Be2 Nc5 40. Rd1 Rxd1 41. Bxd1 g5 42. Kd2 Kf6 43. Kc3 Ke7 44. b4 axb4+ 45. Kxb4 Kd6 46. Bc2 Ne6 47. Ba4 Nc5 48. Bc2 Na6+ 49. Kc3 Kc5 50. Bd1 Nc7 51. Bb3 Ne6 52. Ba4 Nd4 53. Bd1 h6 54. Ba4 Nxf3 55. Bb3 Nd4 56. Bd1 b5 57. cxb5 cxb5 0-1

[Event "Pere Noel"]
[Site "Montreal CAN"]
[Date "1981.12.27"]
[Round "2"]
[White "Gendron, Bernard"]
[Black "Rousseau, Daniel"]
[Result "0-1"]
[WhiteElo "1573"]
[BlackElo "1829"]
[PlyCount "76"]
[GameId "2160767912848957"]
[EventDate "1981.12.26"]
[EventType "swiss"]
[EventRounds "5"]
[EventCountry "CAN"]
[SourceTitle "hb 2011"]

1. d4 Nf6 2. Nf3 g6 3. g3 Bg7 4. Bg2 O-O 5. O-O d6 6. c4 Nc6 7. d5 Na5 8. Nfd2 c5 9. Nc3 a6 10. Qc2 Rb8 11. b3 b5 12. Bb2 e5 13. dxe6 Bxe6 14. cxb5 axb5 15. Nce4 Nxe4 16. Nxe4 f5 17. Bxg7 Kxg7 18. Ng5 Qxg5 19. Qc3+ Kg8 20. Qxa5 c4 21. Rfd1 cxb3 22. axb3 Bxb3 23. Rxd6 f4 24. Qd2 Qe5 25. Ra7 fxg3 26. hxg3 Rf7 27. Rdd7 Rbf8 28. Rxf7 Rxf7 29. Qd8+ Kg7 30. Ra8 Qxe2 31. Qd4+ Kh6 32. Qh4+ Qh5 33. Qd4 Bc4 34. Re8 Qf5 35. Re5 Qd3 36. Qh4+ Kg7 37. Be4 Qf1+ 38. Kh2 Rxf2+ 0-1

[Event "Pere Noel"]
[Site "Montreal CAN"]
[Date "1981.12.28"]
[Round "3"]
[White "Rousseau, Daniel"]
[Black "Sasseville, Jean"]
[Result "0-1"]
[WhiteElo "1829"]
[BlackElo "1938"]
[PlyCount "55"]
[GameId "2160767912848960"]
[EventDate "1981.12.26"]
[EventType "swiss"]
[EventRounds "5"]
[EventCountry "CAN"]
[SourceTitle "hb 2011"]

1. e4 c5 2. Nf3 e6 3. d4 cxd4 4. Nxd4 Nc6 5. Nc3 a6 6. Be2 Qc7 7. O-O Nf6 8. Be3 d6 9. f4 Bd7 10. Qe1 Be7 11. Qg3 O-O-O 12. Rad1 h5 13. e5 Ne8 14. exd6 Nxd6 15. Qf2 Kb8 16. f5 Nxd4 17. Bxd4 Nxf5 18. Bb6 Qe5 19. Qf4 Qxf4 20. Rxf4 Bg5 21. Rf3 Bc6 22. Bxd8 Bxd8 23. Rfd3 Bb6+ 24. Kh1 Ne3 25. Rxe3 Bxe3 26. Rf1 f6 27. Bf3 Bxf3 28. Rxf3 0-1

[Event "Pere Noel"]
[Site "Montreal CAN"]
[Date "1981.12.29"]
[Round "4"]
[White "Rousseau, Daniel"]
[Black "Therrien, Michel"]
[Result "1/2-1/2"]
[WhiteElo "1829"]
[BlackElo "1381"]
[PlyCount "114"]
[GameId "2160767912848964"]
[EventDate "1981.12.26"]
[EventType "swiss"]
[EventRounds "5"]
[EventCountry "CAN"]
[SourceTitle "hb 2011"]

1. e4 c6 2. Nc3 d5 3. d4 dxe4 4. Nxe4 Nd7 5. Nf3 Ngf6 6. Ng3 e6 7. Bd3 Qc7 8. O-O c5 9. Qe2 Be7 10. Re1 O-O 11. Bd2 b6 12. c4 Bb7 13. d5 exd5 14. cxd5 Rae8 15. Qd1 Bd6 16. Qc2 Bxd5 17. Ng5 g6 18. N5e4 Nxe4 19. Bxe4 Bxe4 20. Rxe4 Rxe4 21. Qxe4 Nf6 22. Qh4 Be5 23. Bg5 Nd7 24. Re1 Bxb2 25. h3 Qc6 26. f4 Bf6 27. Ne4 Bxg5 28. fxg5 Re8 29. Qg4 Re6 30. Qf4 f5 31. gxf6 Nxf6 32. Qb8+ Kg7 33. Qxa7+ Qd7 34. Qxd7+ Nxd7 35. Rd1 Rxe4 36. Rxd7+ Kg8 37. Rb7 Rb4 38. a4 Rxa4 39. Rxb6 Ra1+ 40. Kh2 Rc1 41. Rb7 c4 42. Kg3 c3 43. Rc7 c2 44. Kg4 h6 45. Kg3 Kf8 46. Kf2 Ke8 47. Ke2 Kd8 48. Rc3 Rg1 49. Rxc2 Rxg2+ 50. Kd1 Rxc2 51. Kxc2 Ke7 52. Kd3 Kf6 53. Ke4 Kg5 54. Kf3 Kh4 55. Kg2 g5 56. Kh2 h5 57. Kg2 g4 1/2-1/2

[Event "Korchnoi"]
[Site "Montreal CAN"]
[Date "1981.10.10"]
[Round "1"]
[White "Morin, Louis"]
[Black "Rousseau, Daniel"]
[Result "0-1"]
[WhiteElo "1902"]
[BlackElo "1616"]
[PlyCount "54"]
[GameId "2160767912849078"]
[EventDate "1981.10.10"]
[EventType "swiss"]
[EventRounds "6"]
[EventCountry "CAN"]
[SourceTitle "hb 2011"]

1. e4 c5 2. c3 e6 3. d4 d5 4. e5 Nc6 5. Nf3 Qb6 6. Be2 Nge7 7. dxc5 Qc7 8. Bb5 Ng6 9. Bxc6+ bxc6 10. Qd4 Ba6 11. Na3 Be7 12. b4 O-O 13. Bf4 f6 14. Bg3 fxe5 15. Nxe5 Bf6 16. f4 Ne7 17. Kd2 Nf5 18. Qf2 d4 19. cxd4 Nxd4 20. Nec4 Rad8 21. Rad1 Qb7 22. Rb1 Nb5+ 23. Kc1 Rd3 24. Nxb5 Qxb5 25. Nd6 Rc3+ 26. Kb2 Qxb4+ 27. Ka1 Rc2+ 0-1

[Event "Korchnoi"]
[Site "Montreal CAN"]
[Date "1981.10.10"]
[Round "2"]
[White "Roy, Guy"]
[Black "Rousseau, Daniel"]
[Result "1-0"]
[WhiteElo "1914"]
[BlackElo "1616"]
[PlyCount "47"]
[GameId "2160767912849080"]
[EventDate "1981.10.10"]
[EventType "swiss"]
[EventRounds "6"]
[EventCountry "CAN"]
[SourceTitle "hb 2011"]

1. e4 c5 2. Nf3 Nc6 3. d4 cxd4 4. Nxd4 Nf6 5. Nc3 d6 6. Bc4 e6 7. Bb3 Be7 8. Be3 O-O 9. g4 Nxd4 10. Bxd4 e5 11. Be3 Nxg4 12. Nd5 Bg5 13. Bxg5 Qxg5 14. Rg1 Qh4 15. Qf3 Nxh2 16. Qg2 Ng4 17. Rh1 Qd8 18. O-O-O a5 19. f3 b5 20. fxg4 Qg5+ 21. Kb1 a4 22. Rh5 Qxg4 23. Ne7+ Kh8 24. Rxh7+ 1-0

[Event "Korchnoi"]
[Site "Montreal CAN"]
[Date "1981.10.11"]
[Round "3"]
[White "Rousseau, Daniel"]
[Black "Meloche, Jacques"]
[Result "1-0"]
[WhiteElo "1616"]
[BlackElo "1646"]
[PlyCount "31"]
[GameId "2160767912849082"]
[EventDate "1981.10.10"]
[EventType "swiss"]
[EventRounds "6"]
[EventCountry "CAN"]
[SourceTitle "hb 2011"]

1. e4 c5 2. Nf3 d6 3. d4 cxd4 4. Nxd4 Nf6 5. Nc3 a6 6. Bg5 e6 7. f4 Be7 8. Qf3 Qb6 9. O-O-O e5 10. Bxf6 gxf6 11. Nd5 Qd8 12. Nf5 Bxf5 13. exf5 Nc6 14. Bc4 Rc8 15. Qh5 Na5 16. Nxf6+ 1-0

[Event "Korchnoi"]
[Site "Montreal CAN"]
[Date "1981.10.11"]
[Round "4"]
[White "Rousseau, Daniel"]
[Black "Gagnon, Michel"]
[Result "1/2-1/2"]
[WhiteElo "1616"]
[BlackElo "2002"]
[PlyCount "102"]
[GameId "2160767912849084"]
[EventDate "1981.10.10"]
[EventType "swiss"]
[EventRounds "6"]
[EventCountry "CAN"]
[SourceTitle "hb 2011"]

1. e4 c5 2. Nf3 Nc6 3. d4 cxd4 4. Nxd4 Nf6 5. Nc3 d6 6. Bc4 e6 7. Be3 Be7 8. Bb3 O-O 9. O-O a6 10. f4 Nxd4 11. Bxd4 b5 12. f5 b4 13. Na4 Nxe4 14. Nb6 Rb8 15. Nxc8 Rxc8 16. fxe6 f5 17. Qe2 Qa5 18. Rf4 Kh8 19. Raf1 Bf6 20. Qxe4 fxe4 21. Rxf6 Rxf6 22. Rxf6 Qg5 23. Rf7 Qc1+ 24. Rf1 Qd2 25. c3 bxc3 26. bxc3 h6 27. h3 e3 28. e7 e2 29. Rf8+ Kh7 30. Bg8+ Kg6 31. Bf7+ Kg5 32. h4+ Kxh4 33. Bf2+ Kg5 34. e8=Q Rxe8 35. Rxe8 Qd1+ 36. Kh2 Qf1 37. Kg3 h5 38. Bb3 h4+ 39. Kf3 e1=Q 40. Rxe1 Qd3+ 41. Re3 Qf5+ 42. Ke2 Qb5+ 43. Ke1 Qc6 44. Kf1 a5 45. Rh3 a4 46. Bxh4+ Kf4 47. Bf7 d5 48. Rf3+ Kg4 49. Be7 Qc4+ 50. Kg1 Qe2 51. Bb4 Qe1+ 1/2-1/2

[Event "Korchnoi"]
[Site "Montreal CAN"]
[Date "1981.10.12"]
[Round "5"]
[White "Kurtz, Murray"]
[Black "Rousseau, Daniel"]
[Result "0-1"]
[WhiteElo "1938"]
[BlackElo "1616"]
[PlyCount "166"]
[GameId "2160767912849086"]
[EventDate "1981.10.10"]
[EventType "swiss"]
[EventRounds "6"]
[EventCountry "CAN"]
[SourceTitle "hb 2011"]

1. d4 Nf6 2. c4 g6 3. Nc3 Bg7 4. e4 d6 5. f3 O-O 6. Be3 c6 7. Bd3 a6 8. c5 b5 9. cxb6 Qxb6 10. Qd2 Nbd7 11. Nge2 Rb8 12. Rb1 Qa5 13. O-O c5 14. Rfc1 Re8 15. a3 cxd4 16. Nxd4 Ne5 17. Bf1 Bd7 18. Qe2 Ra8 19. b4 Qd8 20. Nd5 Nxd5 21. exd5 Qb8 22. Nc6 Qb7 23. b5 axb5 24. Rxb5 Qa6 25. Rb3 Qa4 26. Qa2 Nxc6 27. Bb5 Qa5 28. Bxc6 Bxc6 29. dxc6 Rec8 30. Bb6 Qd5 31. Qc2 Bd4+ 32. Bxd4 Qxd4+ 33. Qf2 Qxf2+ 34. Kxf2 Kf8 35. Ke3 Ke8 36. Rc4 Kd8 37. a4 Ra6 38. Rbc3 Kc7 39. Rh4 h5 40. Rf4 f6 41. Re4 e5 42. Rb4 Rxc6 43. Rxc6+ Kxc6 44. Rc4+ Kb7 45. Rb4+ Ka6 46. Kd3 Ka5 47. Rb7 Rc6 48. Ra7+ Kb4 49. a5 f5 50. Ra8 Kb5 51. Rg8 d5 52. Rd8 Kc5 53. Ra8 e4+ 54. fxe4 dxe4+ 55. Ke3 Kb5 56. h3 Ra6 57. Rg8 Kxa5 58. g4 hxg4 59. hxg4 Rc6 60. gxf5 gxf5 61. Rb8 Rb6 62. Rf8 Rb5 63. Rf6 Rd5 64. Re6 Kb5 65. Re8 Kc4 66. Rc8+ Rc5 67. Rd8 Kc3 68. Rf8 Kc2 69. Ke2 Kc3 70. Ke3 Kc4 71. Rd8 Re5 72. Rd7 Kc5 73. Rd8 Rd5 74. Rc8+ Kd6 75. Rd8+ Ke6 76. Re8+ Kd7 77. Ra8 Rd3+ 78. Kf2 Ke6 79. Ra4 Ke5 80. Rb4 Kf4 81. Ra4 Rd2+ 82. Ke1 Rb2 83. Rc4 Kf3 0-1

[Event "Korchnoi"]
[Site "Montreal CAN"]
[Date "1981.10.12"]
[Round "6"]
[White "Rousseau, Daniel"]
[Black "Picard, Claude"]
[Result "0-1"]
[WhiteElo "1616"]
[BlackElo "1929"]
[PlyCount "68"]
[GameId "2160767912849087"]
[EventDate "1981.10.10"]
[EventType "swiss"]
[EventRounds "6"]
[EventCountry "CAN"]
[SourceTitle "Spechecs #6"]

1. e4 e6 2. d3 b6 3. Nf3 Bb7 4. g3 d5 5. e5 c5 6. Bg2 Nc6 7. O-O Qc7 8. Re1 O-O-O 9. Bf4 h6 10. h4 g6 11. c3 Nge7 12. d4 Nf5 13. g4 Ng7 14. Qa4 Be7 15. Nbd2 g5 16. hxg5 h5 17. gxh5 Nxh5 18. Bh2 Rdg8 19. dxc5 bxc5 20. Qg4 Qd8 21. Bf4 Nxf4 22. Qxf4 Bxg5 23. Qxf7 Bxd2 24. Nxd2 Qg5 25. Qxe6+ Kb8 26. Qxd5 Nd8 27. Qd6+ Ka8 28. Kf1 Bxg2+ 29. Ke2 Nb7 30. Qf6 Qg4+ 31. f3 Bxf3+ 32. Kd3 c4+ 33. Kc2 Rh2 34. Rg1 Be4+ 0-1

[Event "Rois"]
[Site "Montreal CAN"]
[Date "1981.09.15"]
[Round "1"]
[White "Morin, Louis"]
[Black "Rousseau, Daniel"]
[Result "0-1"]
[WhiteElo "1881"]
[BlackElo "1616"]
[PlyCount "122"]
[GameId "2160767912849123"]
[EventDate "1981.09.15"]
[EventType "tourn"]
[EventRounds "5"]
[EventCountry "CAN"]
[SourceTitle "hb 2011"]

1. e4 c5 2. c3 e6 3. d4 d5 4. e5 Nc6 5. Nf3 Qb6 6. Be2 cxd4 7. cxd4 Nge7 8. Nc3 Nf5 9. Na4 Bb4+ 10. Bd2 Qa5 11. Bc3 Bxc3+ 12. Nxc3 Qb6 13. Bb5 O-O 14. Bxc6 bxc6 15. O-O Ba6 16. Na4 Qc7 17. Re1 Rab8 18. Rc1 Rb5 19. b3 Rfb8 20. Re2 Rb4 21. Rec2 Ne7 22. Rc3 Bc8 23. Qc2 Bd7 24. Qd3 Qa5 25. Nc5 Be8 26. Ng5 Ng6 27. a3 R4b5 28. b4 Qd8 29. Qd2 h6 30. Nf3 a5 31. Nd3 Bd7 32. Rc5 axb4 33. Nxb4 Ne7 34. Nd3 Nc8 35. a4 Rb3 36. a5 Ra3 37. Nb4 Ne7 38. Nc2 Ra4 39. Nfe1 Bc8 40. Nd3 Ba6 41. Ncb4 Bb5 42. a6 Bxd3 43. Nxd3 Rxa6 44. R5c2 Ra4 45. Nc5 Ra7 46. Kf1 Qa5 47. Ke2 Rb4 48. g4 Qb5+ 49. Kf3 Ra3+ 50. Kg2 h5 51. h3 hxg4 52. hxg4 Ng6 53. Rh1 Rb1 54. Rcc1 Rb2 55. Rc2 Rxc2 56. Qxc2 Nf4+ 57. Kg1 Ra1+ 58. Kh2 Rxh1+ 59. Kg3 Qe2 60. Qa4 Rg1+ 61. Kxf4 Rxg4# 0-1

[Event "Rois"]
[Site "Montreal CAN"]
[Date "1981.09.21"]
[Round "2"]
[White "Rousseau, Daniel"]
[Black "Leimanis, Eriks"]
[Result "0-1"]
[WhiteElo "1616"]
[BlackElo "1948"]
[PlyCount "128"]
[GameId "2160767912849125"]
[EventDate "1981.09.15"]
[EventType "tourn"]
[EventRounds "5"]
[EventCountry "CAN"]
[SourceTitle "hb 2011"]

1. e4 c6 2. d3 d5 3. Nd2 dxe4 4. dxe4 Nf6 5. Ngf3 Bg4 6. g3 Nbd7 7. Bg2 e6 8. O-O Be7 9. Re1 Qc7 10. Nc4 Rd8 11. Bf4 e5 12. Ncxe5 Nxe5 13. Bxe5 Rxd1 14. Bxc7 Rxa1 15. Rxa1 Nxe4 16. Nd4 Nc5 17. Bb8 a6 18. Re1 Ne6 19. Nb3 O-O 20. Ba7 Rd8 21. Bb6 Rd7 22. f4 Bf5 23. c3 Kf8 24. h3 Bd8 25. Be3 Bc2 26. Nd2 Be7 27. Ne4 f5 28. Nf2 Bc5 29. b4 Bxe3 30. Rxe3 Nc7 31. c4 Rd4 32. Bf1 Bb1 33. a3 Ba2 34. Rc3 Ne6 35. Bd3 g6 36. h4 Ke7 37. Nh3 h6 38. Kf2 b5 39. cxb5 axb5 40. Ke3 Rd6 41. Ng1 Nd4 42. Rc5 Bb3 43. Re5+ Kf6 44. Nh3 Bd1 45. Nf2 Bb3 46. g4 Bc2 47. g5+ hxg5 48. hxg5+ Kf7 49. Rc5 Bb3 50. Bb1 Ne6 51. Rc3 Bc4 52. a4 Nc7 53. a5 Nd5+ 54. Kd4 Nxc3+ 55. Kxc3 Ke6 56. Nd3 Bxd3 57. Bxd3 Kd5 58. Bc2 Rd7 59. Bd3 Rb7 60. Bc2 c5 61. bxc5 Kxc5 62. Bb3 b4+ 63. Kd3 Rd7+ 64. Ke3 Kb5 0-1

[Event "Rois"]
[Site "Montreal CAN"]
[Date "1981.09.28"]
[Round "3"]
[White "Rousseau, Daniel"]
[Black "Croisetiere, Michel"]
[Result "0-1"]
[WhiteElo "1616"]
[BlackElo "1995"]
[PlyCount "56"]
[GameId "2160767912849128"]
[EventDate "1981.09.15"]
[EventType "tourn"]
[EventRounds "5"]
[EventCountry "CAN"]
[SourceTitle "hb 2011"]

1. e4 e5 2. Nf3 Nf6 3. Nxe5 d6 4. Nf3 Nxe4 5. d4 d5 6. Bd3 Be7 7. O-O Nc6 8. h3 O-O 9. a3 Be6 10. Nbd2 Nd6 11. c3 Bf5 12. Bxf5 Nxf5 13. b4 a6 14. Nb3 Bf6 15. Bf4 g5 16. Nxg5 Ng7 17. Nf3 Ne7 18. Be5 Ng6 19. Bxf6 Qxf6 20. Nc5 Qc6 21. Qd2 b6 22. Nd3 f6 23. Nh2 Rf7 24. Ng4 Nf5 25. Rfe1 Rg7 26. Re2 h5 27. Ne3 Ngh4 28. Nf4 Nf3+ 0-1

[Event "Rois"]
[Site "Montreal CAN"]
[Date "1981.10.06"]
[Round "4"]
[White "Rousseau, Daniel"]
[Black "Crevier, Robert"]
[Result "1-0"]
[WhiteElo "1616"]
[BlackElo "1770"]
[PlyCount "63"]
[GameId "2160767912849132"]
[EventDate "1981.09.15"]
[EventType "tourn"]
[EventRounds "5"]
[EventCountry "CAN"]
[SourceTitle "hb 2011"]

1. e4 Nf6 2. e5 Nd5 3. d4 g6 4. Bc4 c6 5. Qf3 d6 6. Nc3 Be6 7. Bxd5 cxd5 8. Bf4 Nc6 9. exd6 Nxd4 10. Qd3 Bg7 11. Qd2 O-O 12. Nge2 Nxe2 13. dxe7 Qxe7 14. Nxe2 Bxb2 15. Rb1 Bg7 16. O-O Rac8 17. Nd4 Rc4 18. Nb5 Bf5 19. Nd6 Rd4 20. Qc1 Bc8 21. Re1 Qd7 22. Bg3 Rd8 23. Qg5 b6 24. Re7 Qa4 25. Rxa7 Qxa7 26. Qxd8+ Bf8 27. Nxc8 Qxa2 28. Ne7+ Kg7 29. Be5+ f6 30. Nf5+ gxf5 31. Qxf6+ Kg8 32. Qe6# 1-0

[Event "Rois"]
[Site "Montreal CAN"]
[Date "1981.10.13"]
[Round "5"]
[White "De Benedetti, Steve"]
[Black "Rousseau, Daniel"]
[Result "0-1"]
[WhiteElo "1734"]
[BlackElo "1616"]
[PlyCount "87"]
[GameId "2160767912849135"]
[EventDate "1981.09.15"]
[EventType "tourn"]
[EventRounds "5"]
[EventCountry "CAN"]
[SourceTitle "hb 2011"]

1. e4 c5 2. Nf3 Nc6 3. d4 cxd4 4. Nxd4 Nf6 5. Nc3 d6 6. Be2 e5 7. Nb3 Be7 8. O-O Be6 9. Bg5 O-O 10. Qd2 a5 11. a4 Qb6 12. Bxf6 Bxf6 13. Nb5 Rfd8 14. c4 Be7 15. Rfd1 Rac8 16. Rac1 h6 17. Rc3 Nb4 18. Bf1 Bg5 19. Qe2 Rc6 20. g3 Rdc8 21. h4 Be7 22. Qe3 Qxe3 23. fxe3 Ra8 24. Be2 b6 25. Nd2 g5 26. h5 g4 27. Kf2 Kg7 28. Nb3 Rd8 29. Nc1 Na6 30. Nb3 Kf6 31. Na7 Rc7 32. Nb5 Rcd7 33. Rc2 Kg5 34. Rh1 Nc5 35. Nd2 Nxa4 36. b3 Nc5 37. Nc3 Rf8 38. Nd5 Bd8 39. Rh4 f5 40. Kg2 fxe4 41. Nf1 Rdf7 42. Nh2 Rf2+ 43. Kg1 Rxh2 44. Kxh2 0-1

[Event "Montreal op"]
[Site "Montreal CAN"]
[Date "1981.09.05"]
[Round "1"]
[White "Morin, Louis"]
[Black "Rousseau, Daniel"]
[Result "1-0"]
[WhiteElo "1881"]
[BlackElo "1616"]
[PlyCount "131"]
[GameId "2160767912849163"]
[EventDate "1981.09.05"]
[EventType "swiss"]
[EventRounds "6"]
[EventCountry "CAN"]
[SourceTitle "hb 2011"]

1. e4 c5 2. c3 d5 3. exd5 Qxd5 4. d4 Nc6 5. Nf3 Bg4 6. Be2 cxd4 7. cxd4 e6 8. Nc3 Qd7 9. O-O Nf6 10. Ne5 Nxe5 11. dxe5 Qxd1 12. Rxd1 Bxe2 13. Nxe2 Ng4 14. Bf4 Bc5 15. Bg3 h5 16. Rac1 Bb6 17. Rc4 g5 18. h3 Nh6 19. h4 gxh4 20. Bxh4 Ng4 21. Bg3 Rg8 22. Nc3 h4 23. Bxh4 Nxe5 24. Rf4 Ng6 25. Rg4 f5 26. Ra4 Rc8 27. Bg3 Ne7 28. Kf1 a6 29. Rb4 Rc6 30. Rd6 Rxd6 31. Bxd6 Nc8 32. Be5 Rg4 33. Rxg4 fxg4 34. Ne4 Ne7 35. Nf6+ Kf7 36. Nxg4 Kg6 37. Bc3 Nd5 38. Bd2 Bd4 39. b3 b6 40. Ke2 b5 41. Kd3 Bg7 42. Ke4 Bc3 43. Kd3 Bg7 44. Nh2 Kf5 45. Nf3 e5 46. Ne1 e4+ 47. Ke2 b4 48. Nc2 Nc3+ 49. Bxc3 Bxc3 50. Ke3 Ke5 51. g4 a5 52. f3 exf3 53. Kxf3 Bd2 54. Ne3 Kd4 55. Nc4 Be1 56. g5 Bh4 57. g6 Bf6 58. Nxa5 Bg7 59. Kf4 Kd5 60. Kf5 Kd6 61. Nc4+ Kd5 62. Ne3+ Kd4 63. Nc2+ Kc3 64. Nxb4 Kxb4 65. Ke6 Ka3 66. Kf7 1-0

[Event "Montreal op"]
[Site "Montreal CAN"]
[Date "1981.09.05"]
[Round "2"]
[White "Croisetiere, Michel"]
[Black "Rousseau, Daniel"]
[Result "1-0"]
[WhiteElo "1795"]
[BlackElo "1616"]
[PlyCount "67"]
[GameId "2160767912849166"]
[EventDate "1981.09.05"]
[EventType "swiss"]
[EventRounds "6"]
[EventCountry "CAN"]
[SourceTitle "hb 2011"]

1. e4 c5 2. Nf3 Nc6 3. d4 cxd4 4. Nxd4 Nf6 5. Nc3 d6 6. f3 e6 7. Be3 Be7 8. Qd2 O-O 9. O-O-O Nxd4 10. Bxd4 Qa5 11. Kb1 Re8 12. g4 a6 13. Qf2 Nd7 14. h4 b5 15. Bd3 b4 16. Ne2 Nc5 17. h5 Nxd3 18. Rxd3 e5 19. Bb6 Qb5 20. Ng3 Qc6 21. Nf5 Bf8 22. h6 g6 23. Ng3 Be6 24. Be3 a5 25. f4 exf4 26. Qxf4 a4 27. Nh5 Qc4 28. b3 axb3 29. axb3 Qa6 30. Bd4 Rec8 31. Nf6+ Kh8 32. Nd5+ Kg8 33. Nxb4 Qa5 34. Qf6 1-0

[Event "Montreal op"]
[Site "Montreal CAN"]
[Date "1981.09.06"]
[Round "3"]
[White "Rousseau, Daniel"]
[Black "Lafontaine, Bruno"]
[Result "1-0"]
[WhiteElo "1616"]
[BlackElo "1696"]
[PlyCount "85"]
[GameId "2160767912849171"]
[EventDate "1981.09.05"]
[EventType "swiss"]
[EventRounds "6"]
[EventCountry "CAN"]
[SourceTitle "hb 2011"]

1. e4 d5 2. exd5 Nf6 3. d4 Nxd5 4. c4 Nf6 5. Nc3 c5 6. Nf3 g6 7. dxc5 Qxd1+ 8. Nxd1 Nbd7 9. Be3 Bg7 10. h3 Ne4 11. Be2 Ndxc5 12. O-O O-O 13. Bd4 Bxd4 14. Nxd4 Nd2 15. Re1 Rd8 16. Nb5 Be6 17. b3 Nde4 18. Bf3 Nd6 19. Nc7 Rac8 20. Nxe6 Nxe6 21. Bd5 b5 22. Rxe6 fxe6 23. Bxe6+ Kf8 24. Bxc8 Rxc8 25. cxb5 Nxb5 26. Ne3 Rd8 27. Rd1 Rd6 28. Kf1 Nc3 29. Rxd6 exd6 30. a4 Ke7 31. Ke1 Ke6 32. Nd1 Nxd1 33. Kxd1 Kd5 34. Kd2 Kd4 35. Kc2 a5 36. b4 axb4 37. Kb3 Kc5 38. f4 d5 39. g4 d4 40. f5 gxf5 41. gxf5 d3 42. f6 Kd6 43. a5 1-0

[Event "Montreal op"]
[Site "Montreal CAN"]
[Date "1981.09.06"]
[Round "4"]
[White "Rousseau, Daniel"]
[Black "Leger, Michel"]
[Result "1-0"]
[WhiteElo "1616"]
[BlackElo "1797"]
[PlyCount "37"]
[GameId "2160767912849177"]
[EventDate "1981.09.05"]
[EventType "swiss"]
[EventRounds "6"]
[EventCountry "CAN"]
[SourceTitle "hb 2011"]

1. e4 c5 2. Nf3 d6 3. d4 cxd4 4. Nxd4 Nf6 5. Nc3 a6 6. Bg5 e6 7. f4 Be7 8. Qf3 Qc7 9. O-O-O Nbd7 10. Bd3 h6 11. Qh3 b5 12. e5 dxe5 13. Nxe6 fxe6 14. Bg6+ Kd8 15. Qxe6 hxg5 16. fxe5 Ne8 17. Rhf1 Rf8 18. Rxf8 Qxc3 19. Qb6+ 1-0

[Event "Montreal op"]
[Site "Montreal CAN"]
[Date "1981.09.07"]
[Round "5"]
[White "Crevier, Robert"]
[Black "Rousseau, Daniel"]
[Result "0-1"]
[WhiteElo "1770"]
[BlackElo "1616"]
[PlyCount "101"]
[GameId "2160767912849179"]
[EventDate "1981.09.05"]
[EventType "swiss"]
[EventRounds "6"]
[EventCountry "CAN"]
[SourceTitle "hb 2011"]

1. e4 c5 2. Nf3 Nc6 3. d4 cxd4 4. Nxd4 Nf6 5. Nc3 d6 6. Be2 e5 7. Nf3 h6 8. Be3 Be7 9. h3 Be6 10. Qd2 a6 11. O-O O-O 12. Nh2 b5 13. a3 d5 14. exd5 Nxd5 15. Nxd5 Qxd5 16. Qc3 Rac8 17. Bf3 Qc4 18. Qxc4 Bxc4 19. Rfe1 f5 20. Bb6 e4 21. Bh5 Bf6 22. Rab1 Ne5 23. Nf1 Bxf1 24. Rxf1 Rxc2 25. Bd1 Rc6 26. Bd4 Nd3 27. Bxf6 Rfxf6 28. f3 e3 29. f4 Rf8 30. Be2 Nf2 31. Rfe1 Re8 32. Rbc1 Rd6 33. Bh5 g6 34. Be2 g5 35. Bh5 Re7 36. g3 gxf4 37. gxf4 Nxh3+ 38. Kh2 Nxf4 39. Rc8+ Kg7 40. Rg1+ Kf6 41. Rf8+ Ke5 42. Re1 Rd2+ 43. Kh1 Nxh5 44. Rxe3+ Kd6 45. Rd8+ Rd7 46. Rh8 Nf6 47. Rxh6 Rh7 48. Reh3 Rxh6 49. Rxh6 Ke5 50. Rh2 Rxh2+ 51. Kxh2 0-1